| 000 | 00440nam a2200181Ia 4500 | ||
|---|---|---|---|
| 001 | 5028 | ||
| 005 | 20260306145838.0 | ||
| 008 | 260306t1999||||xx |||||||||||||| ||spa|| | ||
| 041 | _aESP | ||
| 082 |
_a332.67 _bC75 |
||
| 100 |
_aCollazos Cerrón, Jesús _eAUT |
||
| 245 | 0 | _aInversión y financiamiento de proyectos | |
| 260 | _c1999 | ||
| 300 |
_a271 páginas : _c21 cm. |
||
| 650 | _aGEN | ||
| 654 | _aCAN | ||
| 942 |
_cLIB _dJUS _fJUS _2ddc _n |
||
| 999 |
_c5028 _d5028 |
||